• 首页
  • 本馆介绍
  • 公告通知
  • 最新文献
  • 馆藏检索
  • 电子资源
  • 读者导购
  • 参考咨询
  • 我的图书馆
  • 登录
  • 详细信息显示
  • 放入我的书架
  • 预约/预借图书
  • 作者相关作品
  • 分类相关作品
  • 丛书相关作品
  • 出版社相关作品

书目信息

  • 表格格式
  • 工作单格式
  • 卡片格式
题名:
可行性研究与项目评估
    
 
作者: 宋维佳 , 王立国 , 王红岩 编著
分册:  
出版信息: 大连   东北财经大学出版社  2020.9
页数: 296页
开本: 26cm
丛书名:
单 册:
中图分类: F282
科图分类:
主题词: 基本建设项目--ji ben jian she xiang mu--可行性研究--高等学校--教材 , 基本建设项目--ji ben jian she xiang mu--项目评价--高等学校--教材
电子资源:
ISBN: 978-7-5654-3933-9
000 01142nam0 2200289 450
001 2161469865
005 20211003084102.52
010    @a978-7-5654-3933-9@dCNY39.00
100    @a20201113d2020 em y0chiy0120 ea
101 0  @achi
102    @aCN@b210000
105    @ay z 000yy
106    @ar
200 1  @a可行性研究与项目评估@Ake hang xing yan jiu yu xiang mu ping gu@f宋维佳,王立国,王红岩编著
205    @a5版
210    @a大连@c东北财经大学出版社@d2020.9
215    @a296页@d26cm
300    @a辽宁省“十二五”普通高等教育本科省级规划教材 21世纪高等院校工程管理专业教材
330    @a本书共分十五章,内容包括投资者的资信分析和评价、投资项目概况和必要性分析、市场分析、生产规模的确定、建设条件和生产条件分析、技术条件分析、投资估算及案例分析等。
606 0  @a基本建设项目@Aji ben jian she xiang mu@x可行性研究@x高等学校@j教材
606 0  @a基本建设项目@Aji ben jian she xiang mu@x项目评价@x高等学校@j教材
690    @aF282@v5
701  0 @a宋维佳@Asong wei jia@4编著
701  0 @a王立国@Awang li guo@4编著
701  0 @a王红岩@Awang hong yan@4编著
801  0 @aCN@b百万庄@c20210929
905    @b1302986-89@dF282@e1772=5@f4
    
    可行性研究与项目评估/宋维佳,王立国,王红岩编著.-5版.-大连:东北财经大学出版社,2020.9
    296页;26cm
    辽宁省“十二五”普通高等教育本科省级规划教材 21世纪高等院校工程管理专业教材
    
    ISBN 978-7-5654-3933-9:CNY39.00
    本书共分十五章,内容包括投资者的资信分析和评价、投资项目概况和必要性分析、市场分析、生产规模的确定、建设条件和生产条件分析、技术条件分析、投资估算及案例分析等。
●
相关链接 在E读中查询图书 在五车中查询图书 在当当中查询图书 在豆瓣中查询图书


正题名:可行性研究与项目评估     索取号:F282/1772=5         预约/预借

序号 登录号 条形码 馆藏地/架位号 状态 备注
1 1302986   213029863   第一样本阅览室/ [索取号:F282/1772=5] 在馆    
2 1302987   213029872   第一借阅区/ [索取号:F282/1772=5] 在馆    
3 1302988   213029881   第一借阅区/ [索取号:F282/1772=5] 在馆    
4 1302989   213029890   第一借阅区/ [索取号:F282/1772=5] 在馆    
唐山师范学院图书馆 欢迎您!
大连网信软件有限公司© 版权所有